000 00265nam a2200121Ia 4500
100 _aDept of Computer engineering
942 _cBK
245 _aStructured Programming approach- Sem II
260 _b#N/A
_c2013
300 _a160
546 _aENGLISH
999 _c32139
_d32139